000
00208 a2200097 4500
001
11792
100
_a
Manners, R. Duffy, J
245
_a
Africa speaks
260
_a
_b
D van nostrand
_c
090
_c
9048
_d
9048
942
_a
NUST-CAE
_c
M
_c
35876
999
_c
246865
_d
246865